000 00580nam a22001817a 4500
999 _c194910
_d194910
005 20230130111913.0
010 _aENG-136067
020 _a9789386761309
_c1495.00
035 _aEN-119599
037 _bDBAD/PUB
082 0 0 _a158.7
100 _aAkhtar, Firoz
245 _aIndustrial Psychology/
_cby Firoz Akhtar
260 _aNew Delhi
_bAne Books Pvt. Ltd
_c2018
270 _a4821, Parwana Bhawan, 1st Floor, 24 Ansari Road, Darya Ganj
_bNew Delhi
_e110002
_mkapoor@anebooks.com
300 _avi, 263p.
_bIndex
_c24cm(hbk)
942 _2ddc
_cEN
_mAKH
_h158.7